header

Democracy (Record no. 12740)

MARC details
000 -LEADER
fixed length control field 01107nam a2200301Ia 4500
100 1# - MAIN ENTRY--AUTHOR NAME
Personal name Harrison, Ross.
245 10 - TITLE STATEMENT
Title Democracy
260 ## - PUBLICATION, DISTRIBUTION, ETC. (IMPRINT)
Place of publication London ;
-- New York :
Name of publisher Routledge,
Year of publication 1995.
300 ## - PHYSICAL DESCRIPTION
Number of Pages ix, 246 p.
490 1# - SERIES STATEMENT
Series statement The problems of philosophy
650 #0 - SUBJECT ADDED ENTRY--TOPICAL TERM
Topical Term Democracy.
856 40 - ELECTRONIC LOCATION AND ACCESS
Uniform Resource Identifier http://site.ebrary.com/lib/rucke/Doc?id=10017765

No items available.

© 2026 Rongo University
Contact us: librarian | system librarian | Rongo university